[Event "Masters Tournament (MTO)"]
[Site "Biel, CH"]
[Date "2025.07.16"]
[Round "3"]
[White "Karthikeyan, Murali"]
[Black "Adewumi, Tanitoluwa"]
[Result "*"]
[Board "1"]
[WhiteFideId "5074452"]
[BlackFideId "30966396"]
[WhiteTitle "GM"]
[BlackTitle "FM"]
[WhiteElo "2650"]
[BlackElo "2397"]
[WhiteTeam "IND"]
[BlackTeam "USA"]
[WhiteClock "0:10:24"]
[BlackClock "0:13:52"]
[Variant "Standard"]

1. d4 {[%clk 1:40:34]}  Nf6 {[%clk 1:40:52]} 2. c4 {[%clk 1:40:38]}  e6 {[%clk 1:41:00]} 3. Nf3 {[%clk 1:40:51]}  b6 {[%clk 1:41:11]} 4. g3 {[%clk 1:41:08]}  Bb4+ {[%clk 1:41:03]} 5. Nbd2 {[%clk 1:40:19]}  Ba6 {[%clk 1:36:24]} 6. Qc2 {[%clk 1:40:10]}  c5 {[%clk 1:30:21]} 7. Bg2 {[%clk 1:35:06]}  Nc6 {[%clk 1:30:16]} 8. dxc5 {[%clk 1:30:19]}  Bxc5 {[%clk 1:24:03]} 9. a3 {[%clk 1:23:26]}  Be7 {[%clk 1:22:36]} 10. O-O {[%clk 1:29:40]}  b5 {[%clk 1:11:01]} 11. c5 {[%clk 1:21:17]}  b4 {[%clk 1:05:29]} 12. Nb3 {[%clk 1:13:22]}  bxa3 {[%clk 0:55:09]} 13. Rxa3 {[%clk 1:05:56]}  Bb7 {[%clk 0:34:14]} 14. Ne5 {[%clk 1:01:41]}  Qc8 {[%clk 0:49:52]} 15. Nd3 {[%clk 1:00:13]}  O-O {[%clk 0:47:30]} 16. Bd2 {[%clk 0:48:16]}  Nd5 {[%clk 0:26:43]} 17. Rc1 {[%clk 0:41:13]}  Rb8 {[%clk 0:30:28]} 18. Qc4 {[%clk 0:39:44]}  Kh8 {[%clk 0:27:03]} 19. h4 {[%clk 0:36:32]}  f5 {[%clk 0:21:34]} 20. h5 {[%clk 0:33:47]}  Nf6 {[%clk 0:21:23]} 21. h6 {[%clk 0:33:21]}  gxh6 {[%clk 0:19:41]} 22. Bxh6 {[%clk 0:33:29]}  Rg8 {[%clk 0:20:05]} 23. Bf4 {[%clk 0:33:32]}  Ra8 {[%clk 0:20:12]} 24. Na5 {[%clk 0:23:28]}  Nxa5 {[%clk 0:18:07]} 25. Rxa5 {[%clk 0:25:52]}  Bxg2 {[%clk 0:16:55]} 26. Kxg2 {[%clk 0:25:36]}  h5 {[%clk 0:13:06]} 27. Rh1 {[%clk 0:17:38]}  Kh7 {[%clk 0:10:16]} 28. b4 {[%clk 0:13:17]}  a6 {[%clk 0:13:52]} 29. f3 {[%clk 0:10:24]} *

[Event "Masters Tournament (MTO)"]
[Site "Biel, CH"]
[Date "2025.07.16"]
[Round "3"]
[White "Gloeckler, Christian"]
[Black "Bok, Benjamin"]
[Result "1/2-1/2"]
[Board "2"]
[WhiteFideId "34608966"]
[BlackFideId "1017063"]
[WhiteTitle "FM"]
[BlackTitle "GM"]
[WhiteElo "2439"]
[BlackElo "2593"]
[WhiteTeam "GER"]
[BlackTeam "NED"]
[WhiteClock "1:23:56"]
[BlackClock "0:48:51"]
[Variant "Standard"]

1. Nf3 {[%clk 1:40:57]}  Nf6 {[%clk 1:34:00]} 2. c4 {[%clk 1:41:19]}  b6 {[%clk 1:32:35]} 3. g3 {[%clk 1:40:34]}  c5 {[%clk 1:32:44]} 4. Bg2 {[%clk 1:41:19]}  Bb7 {[%clk 1:31:42]} 5. O-O {[%clk 1:40:36]}  g6 {[%clk 1:29:54]} 6. b3 {[%clk 1:40:14]}  Bg7 {[%clk 1:29:33]} 7. Bb2 {[%clk 1:40:05]}  O-O {[%clk 1:29:00]} 8. d4 {[%clk 1:34:49]}  cxd4 {[%clk 1:28:43]} 9. Qxd4 {[%clk 1:31:45]}  d6 {[%clk 1:27:40]} 10. Nc3 {[%clk 1:29:39]}  Nbd7 {[%clk 1:27:19]} 11. Ne1 {[%clk 1:22:34]}  Qb8 {[%clk 1:15:36]} 12. Bxb7 {[%clk 1:22:09]}  Qxb7 {[%clk 1:14:59]} 13. Ng2 {[%clk 1:05:50]}  Ne4 {[%clk 1:12:50]} 14. Qe3 {[%clk 1:01:17]}  Nxc3 {[%clk 0:59:10]} 15. Bxc3 {[%clk 1:01:05]}  Bxc3 {[%clk 0:59:02]} 16. Qxc3 {[%clk 1:23:56]}  Rfc8 {[%clk 0:48:51]} 1/2-1/2

[Event "Masters Tournament (MTO)"]
[Site "Biel, CH"]
[Date "2025.07.16"]
[Round "3"]
[White "Arfan, Aditya Bagus"]
[Black "Yilmaz, Mustafa"]
[Result "*"]
[Board "3"]
[WhiteFideId "7106041"]
[BlackFideId "6302718"]
[WhiteTitle "IM"]
[BlackTitle "GM"]
[WhiteElo "2385"]
[BlackElo "2586"]
[WhiteTeam "INA"]
[BlackTeam "TUR"]
[WhiteClock "0:17:34"]
[BlackClock "0:07:16"]
[Variant "Standard"]

1. Nf3 {[%clk 1:38:00]}  d5 {[%clk 1:40:54]} 2. c4 {[%clk 1:37:34]}  d4 {[%clk 1:40:12]} 3. b4 {[%clk 1:37:46]}  c5 {[%clk 1:40:22]} 4. e3 {[%clk 1:37:46]}  Nf6 {[%clk 1:40:03]} 5. a3 {[%clk 1:27:24]}  a5 {[%clk 1:25:43]} 6. exd4 {[%clk 1:08:31]}  axb4 {[%clk 1:14:15]} 7. Bb2 {[%clk 1:05:06]}  e6 {[%clk 1:11:20]} 8. dxc5 {[%clk 0:54:59]}  Bxc5 {[%clk 1:09:29]} 9. Be2 {[%clk 0:49:30]}  Nc6 {[%clk 0:55:43]} 10. d4 {[%clk 0:48:06]}  Be7 {[%clk 0:55:11]} 11. O-O {[%clk 0:48:11]}  O-O {[%clk 0:50:26]} 12. axb4 {[%clk 0:48:07]}  Rxa1 {[%clk 0:50:49]} 13. Bxa1 {[%clk 0:48:34]}  Bxb4 {[%clk 0:41:54]} 14. Nc3 {[%clk 0:47:55]}  Be7 {[%clk 0:37:43]} 15. Nb5 {[%clk 0:45:56]}  b6 {[%clk 0:36:11]} 16. Bd3 {[%clk 0:37:37]}  Bb7 {[%clk 0:33:49]} 17. Bc3 {[%clk 0:37:17]}  Nb4 {[%clk 0:28:44]} 18. Be2 {[%clk 0:34:33]}  Ne4 {[%clk 0:22:10]} 19. Bb2 {[%clk 0:31:27]}  Qa8 {[%clk 0:21:09]} 20. Qb3 {[%clk 0:29:49]}  Qa2 {[%clk 0:18:04]} 21. Qxa2 {[%clk 0:27:50]}  Nxa2 {[%clk 0:18:32]} 22. Ne5 {[%clk 0:24:21]}  Ra8 {[%clk 0:16:30]} 23. Bf3 {[%clk 0:17:34]}  f6 {[%clk 0:07:16]} *

[Event "Masters Tournament (MTO)"]
[Site "Biel, CH"]
[Date "2025.07.16"]
[Round "3"]
[White "Pranav Anand"]
[Black "Latorre, Vincent"]
[Result "*"]
[Board "4"]
[WhiteFideId "46626786"]
[BlackFideId "2636891"]
[WhiteTitle "GM"]
[BlackTitle "FM"]
[WhiteElo "2566"]
[BlackElo "2326"]
[WhiteTeam "IND"]
[BlackTeam "CAN"]
[WhiteClock "0:24:58"]
[BlackClock "0:04:29"]
[Variant "Standard"]

1. e4 {[%clk 1:39:36]}  e5 {[%clk 1:40:25]} 2. Nf3 {[%clk 1:40:00]}  Nc6 {[%clk 1:40:47]} 3. Bb5 {[%clk 1:40:24]}  a6 {[%clk 1:41:03]} 4. Ba4 {[%clk 1:40:48]}  Nf6 {[%clk 1:41:06]} 5. O-O {[%clk 1:41:10]}  Bc5 {[%clk 1:41:10]} 6. c3 {[%clk 1:40:39]}  O-O {[%clk 1:41:05]} 7. d4 {[%clk 1:41:05]}  Ba7 {[%clk 1:41:22]} 8. Bg5 {[%clk 1:41:30]}  h6 {[%clk 1:40:07]} 9. Bh4 {[%clk 1:41:36]}  exd4 {[%clk 1:33:32]} 10. Re1 {[%clk 1:33:53]}  d6 {[%clk 1:29:03]} 11. Bxc6 {[%clk 1:31:55]}  bxc6 {[%clk 1:20:17]} 12. Nxd4 {[%clk 1:22:42]}  Bd7 {[%clk 1:16:46]} 13. Nd2 {[%clk 1:22:27]}  Rb8 {[%clk 1:10:00]} 14. b3 {[%clk 1:21:49]}  Re8 {[%clk 0:48:08]} 15. h3 {[%clk 1:20:35]}  Bxd4 {[%clk 0:42:07]} 16. cxd4 {[%clk 1:20:07]}  g5 {[%clk 0:24:14]} 17. Bg3 {[%clk 1:20:18]}  Nh7 {[%clk 0:24:27]} 18. Qc2 {[%clk 1:10:10]}  f5 {[%clk 0:22:22]} 19. f3 {[%clk 1:07:05]}  Qf6 {[%clk 0:18:50]} 20. e5 {[%clk 1:05:28]}  Qg7 {[%clk 0:18:43]} 21. Qc4+ {[%clk 0:59:54]}  d5 {[%clk 0:19:00]} 22. Qxa6 {[%clk 1:00:20]}  f4 {[%clk 0:19:01]} 23. Bf2 {[%clk 1:00:30]}  Re6 {[%clk 0:15:30]} 24. Qa7 {[%clk 0:55:13]}  Rc8 {[%clk 0:15:18]} 25. Kf1 {[%clk 0:53:47]}  h5 {[%clk 0:14:45]} 26. Ke2 {[%clk 0:50:29]}  g4 {[%clk 0:14:56]} 27. hxg4 {[%clk 0:50:19]}  hxg4 {[%clk 0:15:20]} 28. Kd1 {[%clk 0:49:34]}  g3 {[%clk 0:14:36]} 29. Bg1 {[%clk 0:49:56]}  Nf8 {[%clk 0:13:45]} 30. Kc1 {[%clk 0:38:43]}  Ng6 {[%clk 0:13:35]} 31. Kb2 {[%clk 0:38:34]}  Nh4 {[%clk 0:12:57]} 32. Re2 {[%clk 0:38:59]}  Qh7 {[%clk 0:09:30]} 33. Rae1 {[%clk 0:37:46]}  Be8 {[%clk 0:07:36]} 34. Nb1 {[%clk 0:36:28]}  Bh5 {[%clk 0:07:26]} 35. Qa6 {[%clk 0:33:20]}  Rf8 {[%clk 0:01:20]} 36. Rf1 {[%clk 0:25:05]}  Bg6 {[%clk 0:05:07]} 37. Rd1 {[%clk 0:24:58]}  Qh5 {[%clk 0:04:29]} *

[Event "Masters Tournament (MTO)"]
[Site "Biel, CH"]
[Date "2025.07.16"]
[Round "3"]
[White "Song, Ethan"]
[Black "Karthik Venkataraman"]
[Result "*"]
[Board "5"]
[WhiteFideId "62900412"]
[BlackFideId "25006479"]
[WhiteTitle "FM"]
[BlackTitle "GM"]
[WhiteElo "2288"]
[BlackElo "2540"]
[WhiteTeam "CAN"]
[BlackTeam "IND"]
[WhiteClock "0:09:43"]
[BlackClock "0:19:05"]
[Variant "Standard"]

1. e4 {[%clk 1:40:48]}  c5 {[%clk 1:40:49]} 2. Nf3 {[%clk 1:41:14]}  d6 {[%clk 1:41:11]} 3. Bb5+ {[%clk 1:41:40]}  Nd7 {[%clk 1:41:33]} 4. O-O {[%clk 1:41:25]}  a6 {[%clk 1:41:58]} 5. Bxd7+ {[%clk 1:41:15]}  Qxd7 {[%clk 1:41:24]} 6. Nc3 {[%clk 1:36:03]}  Nf6 {[%clk 1:37:24]} 7. d4 {[%clk 1:34:45]}  cxd4 {[%clk 1:37:22]} 8. Nd5 {[%clk 1:00:34]}  Qd8 {[%clk 1:03:47]} 9. Qxd4 {[%clk 1:23:28]}  e5 {[%clk 1:02:26]} 10. Nxf6+ {[%clk 1:21:42]}  Qxf6 {[%clk 1:04:02]} 11. Qd3 {[%clk 1:08:31]}  Qd8 {[%clk 0:58:32]} 12. Nd2 {[%clk 1:02:15]}  Be6 {[%clk 0:55:59]} 13. c4 {[%clk 0:59:13]}  Be7 {[%clk 0:55:02]} 14. Rd1 {[%clk 0:53:43]}  Qc7 {[%clk 0:52:41]} 15. b3 {[%clk 0:55:18]}  O-O {[%clk 0:49:27]} 16. Nf1 {[%clk 0:50:58]}  f5 {[%clk 0:50:42]} 17. exf5 {[%clk 0:47:07]}  Bxf5 {[%clk 0:50:41]} 18. Qd5+ {[%clk 0:45:32]}  Kh8 {[%clk 0:51:04]} 19. Ne3 {[%clk 0:42:43]}  Bg6 {[%clk 0:41:28]} 20. Ba3 {[%clk 0:34:42]}  Rad8 {[%clk 0:36:43]} 21. Qe6 {[%clk 0:28:19]}  Be4 {[%clk 0:32:59]} 22. Nd5 {[%clk 0:30:51]}  Bxd5 {[%clk 0:33:21]} 23. Qxd5 {[%clk 0:31:10]}  b5 {[%clk 0:33:46]} 24. cxb5 {[%clk 0:29:08]}  axb5 {[%clk 0:32:48]} 25. Bb4 {[%clk 0:28:30]}  Qb6 {[%clk 0:31:35]} 26. Be1 {[%clk 0:27:39]}  Rc8 {[%clk 0:23:41]} 27. Rac1 {[%clk 0:26:55]}  Qa6 {[%clk 0:23:50]} 28. Qe6 {[%clk 0:25:16]}  Rce8 {[%clk 0:19:12]} 29. Rc2 {[%clk 0:24:01]}  Qa7 {[%clk 0:17:58]} 30. Qd5 {[%clk 0:24:00]}  Rb8 {[%clk 0:18:27]} 31. Rdc1 {[%clk 0:22:55]}  Bg5 {[%clk 0:18:49]} 32. Ra1 {[%clk 0:18:57]}  Qa3 {[%clk 0:18:57]} 33. b4 {[%clk 0:18:24]}  Rb6 {[%clk 0:19:10]} 34. Rd1 {[%clk 0:17:24]}  Qa4 {[%clk 0:19:09]} 35. Rc7 {[%clk 0:16:01]}  h6 {[%clk 0:19:17]} 36. Rd7 {[%clk 0:13:33]}  Qc2 {[%clk 0:19:05]} 37. Qd3 {[%clk 0:09:43]} *

[Event "Masters Tournament (MTO)"]
[Site "Biel, CH"]
[Date "2025.07.16"]
[Round "3"]
[White "Sasikiran, Krishnan"]
[Black "Chen, Yuan"]
[Result "*"]
[Board "6"]
[WhiteFideId "5004985"]
[BlackFideId "8618860"]
[WhiteTitle "GM"]
[WhiteElo "2531"]
[BlackElo "2286"]
[WhiteTeam "IND"]
[BlackTeam "CHN"]
[WhiteClock "0:03:38"]
[BlackClock "0:14:30"]
[Variant "Standard"]

1. d4 {[%clk 1:40:56]}  d5 {[%clk 1:40:18]} 2. Nf3 {[%clk 1:40:10]}  e6 {[%clk 1:40:12]} 3. e3 {[%clk 1:34:23]}  c5 {[%clk 1:37:02]} 4. b3 {[%clk 1:32:05]}  Nf6 {[%clk 1:23:31]} 5. Bd3 {[%clk 1:27:11]}  Nbd7 {[%clk 1:12:34]} 6. Bb2 {[%clk 1:23:39]}  b6 {[%clk 1:11:22]} 7. O-O {[%clk 1:22:11]}  Bb7 {[%clk 1:11:41]} 8. c4 {[%clk 1:20:14]}  Be7 {[%clk 1:08:44]} 9. cxd5 {[%clk 1:12:15]}  exd5 {[%clk 1:04:25]} 10. Nc3 {[%clk 1:07:48]}  O-O {[%clk 1:00:57]} 11. Qe2 {[%clk 0:52:26]}  Bd6 {[%clk 0:56:35]} 12. Rfd1 {[%clk 0:58:57]}  Re8 {[%clk 0:55:05]} 13. Rac1 {[%clk 0:54:26]}  a6 {[%clk 0:53:50]} 14. Bf5 {[%clk 0:50:02]}  Bc6 {[%clk 0:39:56]} 15. Qc2 {[%clk 0:36:32]}  Rb8 {[%clk 0:32:48]} 16. Ne2 {[%clk 0:31:51]}  Bb7 {[%clk 0:26:29]} 17. a4 {[%clk 0:25:13]}  h6 {[%clk 0:14:29]} 18. Ng3 {[%clk 0:15:31]}  Nf8 {[%clk 0:19:41]} 19. Ba3 {[%clk 0:01:11]}  N8d7 {[%clk 0:17:20]} 20. a5 {[%clk 0:05:16]}  Bxg3 {[%clk 0:13:47]} 21. hxg3 {[%clk 0:05:05]}  cxd4 {[%clk 0:14:05]} 22. Nxd4 {[%clk 0:04:36]}  bxa5 {[%clk 0:14:30]} 23. Qc7 {[%clk 0:03:38]} *

[Event "Masters Tournament (MTO)"]
[Site "Biel, CH"]
[Date "2025.07.16"]
[Round "3"]
[White "Schlegel, Igor"]
[Black "Poh, Yu Tian"]
[Result "*"]
[Board "7"]
[WhiteFideId "1334956"]
[BlackFideId "5734088"]
[WhiteTitle "FM"]
[BlackTitle "IM"]
[WhiteElo "2275"]
[BlackElo "2458"]
[WhiteTeam "SUI"]
[BlackTeam "MAS"]
[WhiteClock "0:18:50"]
[BlackClock "0:11:31"]
[Variant "Standard"]

1. e4 {[%clk 1:40:58]}  c5 {[%clk 1:40:50]} 2. Nf3 {[%clk 1:41:22]}  d6 {[%clk 1:41:15]} 3. d4 {[%clk 1:41:45]}  cxd4 {[%clk 1:41:40]} 4. Nxd4 {[%clk 1:42:09]}  Nf6 {[%clk 1:42:02]} 5. Nc3 {[%clk 1:42:33]}  a6 {[%clk 1:42:30]} 6. Rg1 {[%clk 1:42:53]}  e5 {[%clk 1:42:11]} 7. Nb3 {[%clk 1:42:21]}  h5 {[%clk 1:42:16]} 8. h3 {[%clk 1:43:38]}  Be6 {[%clk 1:41:54]} 9. Be3 {[%clk 1:43:57]}  Nbd7 {[%clk 1:40:40]} 10. Qd2 {[%clk 1:44:02]}  b5 {[%clk 1:39:49]} 11. O-O-O {[%clk 1:42:25]}  Be7 {[%clk 1:38:14]} 12. f4 {[%clk 1:40:43]}  Qc7 {[%clk 1:38:26]} 13. Kb1 {[%clk 1:40:48]}  Rc8 {[%clk 1:33:55]} 14. f5 {[%clk 1:34:07]}  Bc4 {[%clk 1:34:06]} 15. g4 {[%clk 1:34:30]}  Bxf1 {[%clk 1:32:03]} 16. Rdxf1 {[%clk 1:34:21]}  hxg4 {[%clk 1:29:41]} 17. hxg4 {[%clk 1:34:41]}  Qc4 {[%clk 1:16:18]} 18. g5 {[%clk 1:25:10]}  Nxe4 {[%clk 1:12:00]} 19. Nxe4 {[%clk 1:16:15]}  Qxe4 {[%clk 1:12:16]} 20. f6 {[%clk 1:13:04]}  gxf6 {[%clk 1:04:34]} 21. gxf6 {[%clk 0:47:09]}  Bxf6 {[%clk 0:51:22]} 22. Bh6 {[%clk 0:30:50]}  Rxc2 {[%clk 0:33:42]} 23. Qxc2 {[%clk 0:30:56]}  Qxc2+ {[%clk 0:34:10]} 24. Kxc2 {[%clk 0:31:13]}  Rxh6 {[%clk 0:34:37]} 25. Rg8+ {[%clk 0:26:39]}  Ke7 {[%clk 0:30:47]} 26. Rf2 {[%clk 0:26:02]}  Rh8 {[%clk 0:26:12]} 27. Rxh8 {[%clk 0:23:09]}  Bxh8 {[%clk 0:26:28]} 28. Na5 {[%clk 0:23:36]}  Bf6 {[%clk 0:24:36]} 29. Nc6+ {[%clk 0:23:10]}  Ke6 {[%clk 0:24:48]} 30. Nb4 {[%clk 0:23:34]}  Nc5 {[%clk 0:20:57]} 31. Rf3 {[%clk 0:21:46]}  a5 {[%clk 0:18:12]} 32. Nd5 {[%clk 0:22:47]}  Bd8 {[%clk 0:17:46]} 33. Ne3 {[%clk 0:23:05]}  e4 {[%clk 0:17:12]} 34. Rf5 {[%clk 0:22:18]}  Bf6 {[%clk 0:16:06]} 35. Rh5 {[%clk 0:21:56]}  Be5 {[%clk 0:14:54]} 36. Rh6+ {[%clk 0:19:46]}  f6 {[%clk 0:13:56]} 37. Rh8 {[%clk 0:20:01]}  Bf4 {[%clk 0:12:20]} 38. Kd2 {[%clk 0:18:50]}  d5 {[%clk 0:11:31]} *

[Event "Masters Tournament (MTO)"]
[Site "Biel, CH"]
[Date "2025.07.16"]
[Round "3"]
[White "Aditya Varun Gampa"]
[Black "Panchanathan, Magesh Chandran"]
[Result "1/2-1/2"]
[Board "8"]
[WhiteFideId "45066183"]
[BlackFideId "5007429"]
[WhiteTitle "FM"]
[BlackTitle "GM"]
[WhiteElo "2187"]
[BlackElo "2454"]
[WhiteTeam "IND"]
[BlackTeam "IND"]
[WhiteClock "0:56:15"]
[BlackClock "0:39:02"]
[Variant "Standard"]

1. e4 {[%clk 1:26:28]}  e5 {[%clk 1:40:52]} 2. Nf3 {[%clk 1:26:46]}  Nc6 {[%clk 1:41:08]} 3. Bb5 {[%clk 1:26:59]}  a6 {[%clk 1:41:27]} 4. Ba4 {[%clk 1:27:24]}  Nf6 {[%clk 1:41:44]} 5. O-O {[%clk 1:27:37]}  Be7 {[%clk 1:41:58]} 6. d3 {[%clk 1:26:34]}  b5 {[%clk 1:40:53]} 7. Bb3 {[%clk 1:26:59]}  d6 {[%clk 1:41:18]} 8. a3 {[%clk 1:27:22]}  O-O {[%clk 1:41:34]} 9. Nc3 {[%clk 1:27:50]}  h6 {[%clk 1:33:39]} 10. Nd5 {[%clk 1:26:13]}  Na5 {[%clk 1:32:18]} 11. Ba2 {[%clk 1:26:29]}  c6 {[%clk 1:28:43]} 12. Nxe7+ {[%clk 1:23:29]}  Qxe7 {[%clk 1:31:24]} 13. Nh4 {[%clk 1:14:11]}  d5 {[%clk 1:21:28]} 14. Qf3 {[%clk 1:15:56]}  dxe4 {[%clk 1:20:55]} 15. dxe4 {[%clk 1:07:15]}  Nc4 {[%clk 1:21:15]} 16. Bxc4 {[%clk 1:02:29]}  bxc4 {[%clk 1:17:46]} 17. Bd2 {[%clk 1:02:22]}  Re8 {[%clk 0:53:04]} 18. Rfe1 {[%clk 1:00:44]}  Be6 {[%clk 0:46:39]} 19. Bc3 {[%clk 0:57:05]}  Nd7 {[%clk 0:46:02]} 20. Nf5 {[%clk 0:56:37]}  Qf6 {[%clk 0:39:02]} 21. Rad1 {[%clk 0:56:15]} 1/2-1/2

[Event "Masters Tournament (MTO)"]
[Site "Biel, CH"]
[Date "2025.07.16"]
[Round "3"]
[White "Pranesh M"]
[Black "Vincenti, Leonardo"]
[Result "1-0"]
[Board "9"]
[WhiteFideId "35028600"]
[BlackFideId "28550820"]
[WhiteTitle "GM"]
[BlackTitle "CM"]
[WhiteElo "2592"]
[BlackElo "2265"]
[WhiteTeam "IND"]
[BlackTeam "ITA"]
[WhiteClock "0:39:31"]
[BlackClock "0:03:38"]
[Variant "Standard"]

1. e4 {[%clk 1:40:51]}  e6 {[%clk 1:40:55]} 2. d4 {[%clk 1:41:14]}  d5 {[%clk 1:41:24]} 3. Nc3 {[%clk 1:41:32]}  Nf6 {[%clk 1:41:50]} 4. e5 {[%clk 1:41:55]}  Nfd7 {[%clk 1:42:17]} 5. f4 {[%clk 1:42:10]}  c5 {[%clk 1:42:41]} 6. Nf3 {[%clk 1:42:32]}  Nc6 {[%clk 1:43:09]} 7. Be3 {[%clk 1:42:52]}  Qb6 {[%clk 1:43:38]} 8. Na4 {[%clk 1:42:08]}  Qa5+ {[%clk 1:42:40]} 9. c3 {[%clk 1:42:07]}  cxd4 {[%clk 1:24:23]} 10. b4 {[%clk 1:41:43]}  Qc7 {[%clk 1:23:00]} 11. Nxd4 {[%clk 1:41:56]}  Nxd4 {[%clk 1:23:15]} 12. Bxd4 {[%clk 1:39:43]}  Be7 {[%clk 1:05:08]} 13. Bd3 {[%clk 1:37:41]}  O-O {[%clk 1:03:30]} 14. O-O {[%clk 1:35:36]}  f5 {[%clk 0:54:44]} 15. Qb3 {[%clk 1:20:33]}  b6 {[%clk 0:49:54]} 16. c4 {[%clk 1:17:10]}  Ba6 {[%clk 0:41:14]} 17. cxd5 {[%clk 1:13:47]}  Bxd3 {[%clk 0:41:38]} 18. Qxd3 {[%clk 1:02:13]}  exd5 {[%clk 0:41:37]} 19. Rac1 {[%clk 0:59:00]}  Qb7 {[%clk 0:41:50]} 20. e6 {[%clk 0:55:31]}  Nf6 {[%clk 0:40:12]} 21. Qxf5 {[%clk 0:55:25]}  Ne4 {[%clk 0:22:15]} 22. Qg4 {[%clk 0:53:51]}  Bxb4 {[%clk 0:20:17]} 23. f5 {[%clk 0:53:12]}  Bd2 {[%clk 0:19:54]} 24. Rcd1 {[%clk 0:49:44]}  Bg5 {[%clk 0:18:58]} 25. Nc3 {[%clk 0:48:16]}  Nxc3 {[%clk 0:14:36]} 26. Bxc3 {[%clk 0:48:20]}  Bf6 {[%clk 0:11:09]} 27. Bxf6 {[%clk 0:48:22]}  Rxf6 {[%clk 0:11:37]} 28. Qd4 {[%clk 0:48:42]}  Rd8 {[%clk 0:11:19]} 29. Qe5 {[%clk 0:48:38]}  b5 {[%clk 0:05:01]} 30. g4 {[%clk 0:44:15]}  h6 {[%clk 0:05:55]} 31. h4 {[%clk 0:44:37]}  d4 {[%clk 0:03:12]} 32. Rxd4 {[%clk 0:41:40]}  Qb6 {[%clk 0:03:11]} 33. Rfd1 {[%clk 0:40:59]}  h5 {[%clk 0:03:00]} 34. Kh2 {[%clk 0:39:48]}  Rxd4 {[%clk 0:03:06]} 35. Rxd4 {[%clk 0:39:49]}  Qc6 {[%clk 0:02:25]} 36. Rd8+ {[%clk 0:37:57]}  Kh7 {[%clk 0:02:30]} 37. e7 {[%clk 0:38:04]}  Qc2+ {[%clk 0:02:51]} 38. Kg3 {[%clk 0:38:23]}  Qc1 {[%clk 0:02:03]} 39. Rh8+ {[%clk 0:38:15]}  Kxh8 {[%clk 0:02:31]} 40. e8=Q+ {[%clk 0:38:40]}  Kh7 {[%clk 0:02:56]} 41. Qg6+ {[%clk 0:38:39]}  Rxg6 {[%clk 0:03:17]} 42. fxg6+ {[%clk 0:39:04]}  Kxg6 {[%clk 0:03:38]} 43. Qf5+ {[%clk 0:39:31]} 1-0

[Event "Masters Tournament (MTO)"]
[Site "Biel, CH"]
[Date "2025.07.16"]
[Round "3"]
[White "Dau Khuong Duy"]
[Black "Sowray, Peter J"]
[Result "1-0"]
[Board "10"]
[WhiteFideId "12424722"]
[BlackFideId "400971"]
[WhiteTitle "IM"]
[BlackTitle "FM"]
[WhiteElo "2456"]
[BlackElo "2211"]
[WhiteTeam "VIE"]
[BlackTeam "ENG"]
[WhiteClock "0:38:00"]
[BlackClock "0:10:41"]
[Variant "Standard"]

1. e4 {[%clk 1:40:53]}  g6 {[%clk 1:40:52]} 2. d4 {[%clk 1:40:54]}  Bg7 {[%clk 1:41:14]} 3. Nc3 {[%clk 1:40:18]}  d6 {[%clk 1:41:37]} 4. Be3 {[%clk 1:40:00]}  a6 {[%clk 1:41:27]} 5. f4 {[%clk 1:38:19]}  b5 {[%clk 1:40:44]} 6. Nf3 {[%clk 1:37:55]}  Bb7 {[%clk 1:38:44]} 7. Bd3 {[%clk 1:36:21]}  Nd7 {[%clk 1:37:27]} 8. e5 {[%clk 1:32:06]}  c5 {[%clk 1:35:55]} 9. e6 {[%clk 1:19:10]}  fxe6 {[%clk 1:36:11]} 10. Ng5 {[%clk 1:19:27]}  Nf8 {[%clk 1:33:14]} 11. dxc5 {[%clk 1:19:25]}  Nf6 {[%clk 1:25:15]} 12. O-O {[%clk 1:17:43]}  b4 {[%clk 1:15:03]} 13. Nce4 {[%clk 1:14:04]}  Nd5 {[%clk 1:13:05]} 14. Bf2 {[%clk 1:09:05]}  h6 {[%clk 0:53:09]} 15. Nh3 {[%clk 1:05:25]}  Bxb2 {[%clk 0:52:02]} 16. cxd6 {[%clk 0:59:02]}  exd6 {[%clk 0:54:21]} 17. Rb1 {[%clk 0:58:36]}  Nc3 {[%clk 0:52:09]} 18. Nxc3 {[%clk 0:52:02]}  Bxc3 {[%clk 0:52:24]} 19. Qg4 {[%clk 0:52:16]}  Kd7 {[%clk 0:42:19]} 20. Be1 {[%clk 0:47:48]}  Qb6+ {[%clk 0:35:32]} 21. Nf2 {[%clk 0:47:42]}  Rc8 {[%clk 0:31:47]} 22. Bxc3 {[%clk 0:45:36]}  Rxc3 {[%clk 0:32:14]} 23. f5 {[%clk 0:45:28]}  exf5 {[%clk 0:31:31]} 24. Bxf5+ {[%clk 0:44:55]}  Kc7 {[%clk 0:30:29]} 25. Rxb4 {[%clk 0:42:15]}  Qc5 {[%clk 0:27:39]} 26. Rfb1 {[%clk 0:42:42]}  Bc6 {[%clk 0:24:40]} 27. Be4 {[%clk 0:41:32]}  h5 {[%clk 0:19:59]} 28. Qf4 {[%clk 0:39:36]}  Nd7 {[%clk 0:20:03]} 29. Bxc6 {[%clk 0:38:12]}  Qxc6 {[%clk 0:14:33]} 30. Rb7+ {[%clk 0:38:06]}  Kc8 {[%clk 0:12:55]} 31. Ne4 {[%clk 0:37:28]}  Rf8 {[%clk 0:11:42]} 32. Rb8+ {[%clk 0:37:24]}  Kc7 {[%clk 0:10:21]} 33. R1b7+ {[%clk 0:37:38]}  Qxb7 {[%clk 0:10:41]} 34. Qxd6# {[%clk 0:38:00]} 1-0

[Event "Masters Tournament (MTO)"]
[Site "Biel, CH"]
[Date "2025.07.16"]
[Round "3"]
[White "Baenziger, Fabian"]
[Black "Vemparala, Nikash"]
[Result "*"]
[Board "11"]
[WhiteFideId "1330110"]
[BlackFideId "30960967"]
[WhiteTitle "IM"]
[BlackTitle "CM"]
[WhiteElo "2450"]
[BlackElo "2187"]
[WhiteTeam "SUI"]
[BlackTeam "USA"]
[WhiteClock "0:17:40"]
[BlackClock "0:13:47"]
[Variant "Standard"]

1. d4 {[%clk 1:40:54]}  d5 {[%clk 1:40:41]} 2. c4 {[%clk 1:41:09]}  e6 {[%clk 1:41:08]} 3. Nc3 {[%clk 1:41:05]}  h6 {[%clk 1:41:31]} 4. cxd5 {[%clk 1:40:50]}  exd5 {[%clk 1:41:52]} 5. Bf4 {[%clk 1:40:47]}  Nf6 {[%clk 1:42:02]} 6. e3 {[%clk 1:40:33]}  Bd6 {[%clk 1:42:11]} 7. Bxd6 {[%clk 1:40:33]}  Qxd6 {[%clk 1:41:58]} 8. Bd3 {[%clk 1:39:18]}  c6 {[%clk 1:41:36]} 9. Nge2 {[%clk 1:40:19]}  O-O {[%clk 1:41:09]} 10. Qd2 {[%clk 1:39:57]}  Re8 {[%clk 1:40:26]} 11. f3 {[%clk 1:39:41]}  Qe7 {[%clk 1:34:55]} 12. Kf2 {[%clk 1:39:45]}  Nbd7 {[%clk 1:34:09]} 13. g4 {[%clk 1:32:35]}  Nf8 {[%clk 1:27:56]} 14. Rag1 {[%clk 1:35:53]}  Ng6 {[%clk 1:16:46]} 15. Bc2 {[%clk 1:25:02]}  Nh7 {[%clk 1:05:45]} 16. Qd3 {[%clk 1:17:29]}  Qh4+ {[%clk 1:02:08]} 17. Rg3 {[%clk 1:16:21]}  Ng5 {[%clk 0:55:15]} 18. Kg2 {[%clk 1:04:39]}  h5 {[%clk 0:50:28]} 19. h3 {[%clk 1:01:59]}  Bd7 {[%clk 0:43:22]} 20. Qd2 {[%clk 0:51:11]}  Rf8 {[%clk 0:32:10]} 21. f4 {[%clk 0:41:54]}  Ne4 {[%clk 0:29:05]} 22. Nxe4 {[%clk 0:37:49]}  dxe4 {[%clk 0:29:23]} 23. f5 {[%clk 0:37:57]}  Qe7 {[%clk 0:29:07]} 24. Kf2 {[%clk 0:29:27]}  Nh4 {[%clk 0:27:40]} 25. Nf4 {[%clk 0:29:53]}  Nf3 {[%clk 0:27:49]} 26. Rxf3 {[%clk 0:30:03]}  exf3 {[%clk 0:28:04]} 27. Nxh5 {[%clk 0:29:45]}  Qh4+ {[%clk 0:24:58]} 28. Ng3 {[%clk 0:27:12]}  Rad8 {[%clk 0:24:08]} 29. Kxf3 {[%clk 0:24:27]}  c5 {[%clk 0:22:18]} 30. d5 {[%clk 0:24:13]}  Rfe8 {[%clk 0:22:10]} 31. Qc3 {[%clk 0:19:39]}  Qe7 {[%clk 0:15:14]} 32. Nh5 {[%clk 0:17:43]}  Qe5 {[%clk 0:15:11]} 33. Qxe5 {[%clk 0:18:07]}  Rxe5 {[%clk 0:15:36]} 34. e4 {[%clk 0:18:32]}  b5 {[%clk 0:14:53]} 35. Kf4 {[%clk 0:17:40]}  Ree8 {[%clk 0:13:47]} *